000 00311nam a22001337a 4500
008 170403b xxu||||| |||| 00| 0 eng d
020 _a9781891853036
041 _aeng
080 _a574
100 _a9
101 _aSHM
245 _aPUBLIC POLICIES FOR ENVIROMENTAL PROTECTION
_cPORTNEY.P.R
942 _2udc
_cBK
999 _c9492
_d9492